000 01762cam a2200481 4500
001 22179
003 VRT
005 20260321115037.0
008 210624s2019 xo gr 000 f slo
015 _aSNBA2019/10
020 _a9788055168302
_q(viazané)
035 _a86630059-36A9-48DD-AD06-F937938E2E8B
035 _aurn:nbn:sk:snk-am3idf3
035 _aurn:nbn:sk:snk-am00e4bt
039 9 _a202106241216
_bVLOAD
_c202101050924
_dVLOAD
_c201911101908
_dAUTHORITY
_c201911101853
_dAUTHORITY
040 _aPOKPOH
_bslo
_cPOKPOH
_dSNK
_erda
041 1 _aslo
_heng
044 _axo
_cSK
072 7 _a821.111(73)-3
_xAmerická próza
_2konspekt
080 _a821.111(73)-31
_22011
080 _a(0:82-312.5)
_22011
100 1 _aSteel, Danielle,
_d1947-
_4aut
240 1 4 _aThe Right Time
_lSlovensky
245 1 0 _aV pravý čas
_cDanielle Steel ; preložila Oľga Hlaváčová
264 1 _aBratislava
_bIkar
_c2019
300 _a331 strán
_c21 cm
336 _atext
_btxt
_2rdacontent
337 _abez média
_bn
_2rdamedia
338 _azväzok
_bnc
_2rdacarrier
500 _aPreložené z angličtiny
500 _aObsahuje krátke biografické údaje o autorke na záložke prebalu
655 7 _aamerické romány
_2SNKPH
655 7 _aľúbostné romány
_2SNKPH
655 7 _aAmerican novels
_2SNKPHeng
655 7 _aLove novels
_2SNKPHeng
700 1 _aHlaváčová, Oľga
_c(prekladateľka)
_4trl
942 _2ddc
_cKLDO
_n0
949 _6270001000575612
_asvkbbA 158784
_bsvkbbm 786285
949 _62889352928
_asavukPV 28998
_bsavuk2019/3813
949 _617A1390692
_asnkSC 186231
_bsnk2019/26576
_o1956/19
_s6100:20191028
949 _617A1391598
_asnkSC 186231 D1
_bsnk2019/27690
_o1956/19
949 _6273K0652895
_asvkpoA 244004
_bsvkpo642090
999 _c22179
_d22179